00652nam a22001937a 450000500170000001000230001702000260004003500230006603700290008903700190011803700160013708200120015310000190016524500920018426000470027627000620032330000220038550000510040720110624110859.0 aB-430919 B-477249 a9780195683776c550.00 aB-430919 B-477249 bOxford University Press  bAllied Pub/Ven bK.K.Pub/Ven a954.085 aRavinder Kaur  aSince 1947:cby Ravinder Kaur bpartition narratives among punjabi migrants of Delhi /  aNew Delhi bOxford University Press c2008 aYMCA Library Building, Jai Singh RoadbNew Delhi e110001 a277p. c24cm(Hb)  aIncludes bibliographical references and index